LEADER 01012nam0-2200301---450- 001 990009287360403321 005 20101129105337.0 035 $a000928736 035 $aFED01000928736 035 $a(Aleph)000928736FED01 035 $a000928736 100 $a20101129d2007----km-y0itay50------ba 101 0 $aita 102 $aIT 105 $ay-------101yy 200 1 $a<>prassi della contrattazione immobiliare tra attualità e prospettive$eatti del convegno$fFondazione italiana per il notariato 210 $aMilano$cIl Sole 24 Ore$d2007 215 $a157 p.$d24 cm 300 $aSuppl. a: I quaderni della Fondazione italiana per il notariato n. 4/2007 676 $a346.450436$v21$zita 710 02$aFondazione italiana per il notariato$0302028 801 0$aIT$bUNINA$gRICA$2UNIMARC 901 $aBK 912 $a990009287360403321 952 $aVIII E 297$b51128*$fFGBC 959 $aFGBC 996 $aPrassi della contrattazione immobiliare tra attualità e prospettive$9769858 997 $aUNINA LEADER 00947nam0 22002411i 450 001 UON00099670 005 20231205102547.335 100 $a20020107d1974 |0itac50 ba 101 $ager 102 $aSE 105 $a|||| 1|||| 200 1 $aVaterporträts in der Römischen Poesie$eUnter Besonderer Berücksichtigung von Horaz, Statius und Ausonius$fAlf Önnerfors 210 $aStockolm$cPaul Aströms$d1974 215 $a206 p.$d24 cm 620 $aSE$dStockholm$3UONL003096 700 1$aOnnerfors$bAlf$3UONV064716$0390979 712 $aASTROMS, Paul$3UONV260361$4650 801 $aIT$bSOL$c20250613$gRICA 899 $aSIBA - SISTEMA BIBLIOTECARIO DI ATENEO$2UONSI 912 $aUON00099670 950 $aSIBA - SISTEMA BIBLIOTECARIO DI ATENEO$dSI Q 3 144 $eSI MC 1458 5 996 $aVaterporträts in der römischen Poesie$9759150 997 $aUNIOR